El vascuence en la Rioja y Burgos (Record no. 102586)

MARC details
000 -LEADER
campo de control de longitud fija 00705nam a2200193 i 4500
001 - NÚMERO DE CONTROL
campo de control 102586
003 - IDENTIFICADOR DE NÚMERO DE CONTROL
campo de control ES-MaACL
005 - FECHA Y HORA DE LA ÚLTIMA TRANSACCIÓN
campo de control 20251207150926.0
007 - CAMPO FIJO DE DESCRIPCIÓN FÍSICA--INFORMACIÓN GENERAL
campo de control de longitud fija t|
008 - DATOS DE LONGITUD FIJA--INFORMACIÓN GENERAL
campo de control de longitud fija 051117s1962 sp ||||1| spa d
100 1# - ENTRADA PRINCIPAL--NOMBRE DE PERSONA
Nombre de persona Merino Urrutia, José Juan Bautista.
9 (RLIN) 80553
245 13 - MENCIÓN DEL TÍTULO
Título El vascuence en la Rioja y Burgos
Resto del título : con un estudio análitico de la toponimia del Valle de Ojacastro ( Rioja Alta) /
Mención de responsabilidad, etc. José Juan Bautista Merino Urrutia.
260 ## - PUBLICACIÓN, DISTRIBUCIÓN, ETC.
Lugar de publicación, distribución, etc. San Sebástian :
Nombre del editor, distribuidor, etc. Biblioteca Vascongada de los Amigos del Pais,
Fecha de publicación, distribución, etc. 1962.
300 ## - DESCRIPCIÓN FÍSICA
Extensión 106 p., 5 map. pleg.(1) ;
Dimensiones 23 cm.
500 ## - NOTA GENERAL
Nota general (1) en color.
730 0# - ASIENTO SECUNDARIO--TITULO UNIFORME
Título uniforme
9 (RLIN) 242583
852 ## - LOCALIZACIÓN
Ubicación ES-MaACL
Número de control de estantería C-29858
Sublocalización o colección R.57917
Holdings
Estatus retirado Estado de pérdida Estado de daño No para préstamo Biblioteca de origen Biblioteca actual Ubicación en estantería Fecha de adquisición Fuente de adquisición Total de préstamos Signatura topográfica completa Código de barras Visto por última vez Precio de reemplazo Tipo de ítem Koha
        Biblioteca del Ateneo de Madrid Biblioteca del Ateneo de Madrid Depósito 2 17/01/2008     C-29858 1107093 23/02/2023 23/02/2023 Libro impreso